[Event "Ruhrgebiet Regionalliga 1213"]
[Site "Nordrheinwestfalen"]
[Date "2013.05.05"]
[Round "9.1"]
[White "Koscielski, Janusch"]
[Black "Ueter, Heinz Dieter"]
[Result "1-0"]
[WhiteElo "2275"]
[BlackElo "2181"]
[PlyCount "77"]
[EventDate "2012.09.09"]
[EventType "team-tourn"]
[EventRounds "9"]
[EventCountry "GER"]
[SourceTitle "EXT 2020"]
[Source "ChessBase"]
[SourceDate "2019.10.17"]
[SourceVersion "1"]
[SourceVersionDate "2019.10.17"]
[SourceQuality "1"]
[WhiteTeam "Herne Sodingen II"]
[BlackTeam "Ahlen SV"]
[WhiteTeamCountry "GER"]
[BlackTeamCountry "GER"]

1. e4 c5 2. Nf3 Nc6 3. d4 cxd4 4. Nxd4 Nf6 5. Nc3 d6 6. Bg5 e6 7. Qd2 a6 8. 0-0-0 Bd7 9. f3 Be7 10. Kb1 0-0 11. h4 Nxd4 12. Qxd4 Qa5 13. Qd2 Kh8 14. Bd3 b5 15. g4 Bc6 16. Be3 b4 17. Ne2 d5 18. g5 Nd7 19. Nd4 Bb7 20. h5 Ne5 21. h6 g6 22. Nb3 Qc7 23. Bd4 f6 24. Qe2 Nxd3 25. cxd3 e5 26. gxf6 Rxf6 27. Rc1 Qb8 28. Be3 Rf7 29. Qg2 d4 30. Bd2 Qf8 31. Na5 Bc8 32. Nc4 Bf6 33. f4 Be6 34. Nxe5 Bxe5 35. fxe5 Rf2 36. Qg5 Qf3 37. Qe7 Qxd3+ 38. Ka1 Rg8 39. Bg5 1-0

[Event "Ruhrgebiet Regionalliga 1213"]
[Site "Nordrheinwestfalen"]
[Date "2012.09.09"]
[Round "1.1"]
[White "Happel, Heiner"]
[Black "Ueter, Heinz Dieter"]
[Result "1/2-1/2"]
[WhiteElo "2186"]
[BlackElo "2181"]
[PlyCount "34"]
[EventDate "2012.09.09"]
[EventType "team-tourn"]
[EventRounds "9"]
[EventCountry "GER"]
[SourceTitle "EXT 2020"]
[Source "ChessBase"]
[SourceDate "2019.10.17"]
[SourceVersion "1"]
[SourceVersionDate "2019.10.17"]
[SourceQuality "1"]
[WhiteTeam "Koenigsspringer Hamm"]
[BlackTeam "Ahlen SV"]
[WhiteTeamCountry "GER"]
[BlackTeamCountry "GER"]

1. Nf3 c5 2. c4 Nc6 3. g3 g6 4. Bg2 Bg7 5. Nc3 d6 6. 0-0 e5 7. d3 Nge7 8. a3 0-0 9. Rb1 f5 10. Bd2 a5 11. Ne1 Be6 12. Nd5 Bf7 13. Nxe7+ Qxe7 14. Nc2 e4 15. Ne3 Nd4 16. dxe4 fxe4 17. Bc3 b5 1/2-1/2

[Event "Ruhrgebiet Regionalliga 1112"]
[Site "Nordrheinwestfalen"]
[Date "2011.12.18"]
[Round "5.1"]
[White "Koehn, Peter"]
[Black "Ueter, Heinz Dieter"]
[Result "0-1"]
[WhiteElo "2252"]
[BlackElo "2172"]
[PlyCount "74"]
[EventDate "2011.09.25"]
[EventType "team-tourn"]
[EventRounds "9"]
[EventCountry "GER"]
[SourceTitle "EXT 2020"]
[Source "ChessBase"]
[SourceDate "2019.10.17"]
[SourceVersion "1"]
[SourceVersionDate "2019.10.17"]
[SourceQuality "1"]
[WhiteTeam "Wattenscheid SV III"]
[BlackTeam "Ahlen SV"]
[WhiteTeamCountry "GER"]
[BlackTeamCountry "GER"]

1. g3 g6 2. Bg2 Bg7 3. d4 d6 4. e4 Nf6 5. Nc3 0-0 6. Nge2 Nbd7 7. h3 e5 8. Be3 b6 9. 0-0 Bb7 10. g4 h5 11. g5 Nh7 12. Qd2 Re8 13. Rad1 exd4 14. Nxd4 Nc5 15. f3 Nxg5 16. Nde2 Nh7 17. b4 Nd7 18. f4 Ndf6 19. Ng3 h4 20. e5 Bxg2 21. Qxg2 hxg3 22. exf6 Nxf6 23. Bd4 Nh5 24. f5 Qh4 25. Bxg7 Kxg7 26. Nd5 Re4 27. Nc3 Rae8 28. Nxe4 Rxe4 29. fxg6 fxg6 30. Rfe1 Rxe1+ 31. Rxe1 Nf4 32. Qe4 Qxh3 33. Qe7+ Kh6 34. Qf8+ Kg5 35. Qd8+ Kg4 36. Qc8+ Kf3 37. Rf1+ Qxf1+ 0-1

[Event "Ruhrgebiet Verbandsliga2 1011"]
[Site "Nordrheinwestfalen"]
[Date "2011.04.10"]
[Round "9.3"]
[White "Schneider, Markus"]
[Black "Ueter, Heinz Dieter"]
[Result "0-1"]
[WhiteElo "1922"]
[BlackElo "2163"]
[PlyCount "74"]
[EventDate "2010.09.12"]
[EventType "team-tourn"]
[EventRounds "9"]
[EventCountry "GER"]
[SourceTitle "EXT 2020"]
[Source "ChessBase"]
[SourceDate "2019.10.17"]
[SourceVersion "1"]
[SourceVersionDate "2019.10.17"]
[SourceQuality "1"]
[WhiteTeam "Mengede SG"]
[BlackTeam "Ahlen SV"]
[WhiteTeamCountry "GER"]
[BlackTeamCountry "GER"]

1. e4 c5 2. Nc3 Nc6 3. g3 g6 4. Bg2 Bg7 5. d3 Rb8 6. Be3 Nd4 7. Qd2 b5 8. Nd1 d6 9. c3 Nc6 10. f4 e5 11. Nf3 Bg4 12. 0-0 Qd7 13. fxe5 Bxf3 14. Bxf3 Nxe5 15. Bg2 h5 16. h3 Qe6 17. b3 Nf6 18. d4 Ned7 19. Nf2 0-0 20. Rad1 Rfe8 21. Rfe1 Qe7 22. Bf4 Rbd8 23. Kh2 Nf8 24. Qd3 a6 25. Be3 Qc7 26. Rc1 N6d7 27. Kh1 Ne6 28. Rcd1 Nb6 29. Qd2 c4 30. b4 Nd7 31. Ra1 a5 32. a3 Nb6 33. Rab1 a4 34. Rbd1 Nf8 35. h4 Nh7 36. Nh3 Nf6 37. Nf4 Nxe4 0-1

[Event "Ruhrgebiet Verbandsliga2 1011"]
[Site "Nordrheinwestfalen"]
[Date "2010.11.28"]
[Round "4.3"]
[White "Schmitz, Martin"]
[Black "Ueter, Heinz Dieter"]
[Result "1/2-1/2"]
[WhiteElo "1947"]
[BlackElo "2163"]
[PlyCount "136"]
[EventDate "2010.09.12"]
[EventType "team-tourn"]
[EventRounds "9"]
[EventCountry "GER"]
[SourceTitle "EXT 2020"]
[Source "ChessBase"]
[SourceDate "2019.10.17"]
[SourceVersion "1"]
[SourceVersionDate "2019.10.17"]
[SourceQuality "1"]
[WhiteTeam "Dortmund FS 98"]
[BlackTeam "Ahlen SV"]
[WhiteTeamCountry "GER"]
[BlackTeamCountry "GER"]

1. e4 c5 2. Nf3 d6 3. Bb5+ Nd7 4. d4 Ngf6 5. e5 Qa5+ 6. Nc3 Ne4 7. Bd2 Nxc3 8. Bxd7+ Bxd7 9. Bxc3 Qb5 10. exd6 exd6 11. a4 Qc4 12. Nd2 Qe6+ 13. Qe2 Qxe2+ 14. Kxe2 0-0-0 15. Rhe1 Bf5 16. Rac1 h5 17. Kf1 h4 18. h3 f6 19. Nc4 d5 20. Ne3 Bg6 21. Red1 c4 22. b3 cxb3 23. cxb3 Kb8 24. Bb2 Bb4 25. Bc3 Ba3 26. Ra1 Be7 27. b4 Rd7 28. Rdc1 Re8 29. b5 Bf8 30. Bb2 Re4 31. Rd1 f5 32. Ba3 Bxa3 33. Rxa3 f4 34. Ng4 Rc7 35. Ne5 Bf5 36. f3 Re3 37. Rxe3 fxe3 38. Ke2 Rc2+ 39. Kxe3 Rxg2 40. a5 Rb2 41. Rg1 Rxb5 42. a6 g6 43. Nxg6 bxa6 44. Nxh4 Bxh3 45. Rg8+ Kc7 46. Rg7+ Kb6 47. Rg6+ Ka5 48. Rg7 Kb4 49. Rxa7 a5 50. f4 a4 51. Nf3 a3 52. Ne5 Bf5 53. Nc6+ Kb3 54. Ne7 Be4 55. f5 Rb6 56. Kf4 a2 57. Ke5 Kb2 58. Nxd5 Bxd5 59. Kxd5 a1Q 60. Rxa1 Kxa1 61. Ke5 Kb2 62. f6 Kc3 63. f7 Rb8 64. d5 Kc4 65. Ke6 Rf8 66. d6 Kc5 67. d7 Kc6 68. Ke7 Rxf7+ 1/2-1/2

[Event "Ruhrgebiet VL1 0910"]
[Site "Germany"]
[Date "2010.04.18"]
[Round "9.3"]
[White "Schuetze, Andre"]
[Black "Ueter, Heinz Dieter"]
[Result "1-0"]
[WhiteElo "2061"]
[BlackElo "2187"]
[PlyCount "56"]
[EventDate "2009.09.06"]
[EventType "team-tourn"]
[EventRounds "9"]
[EventCountry "GER"]
[SourceTitle "EXT 2011"]
[Source "ChessBase"]
[SourceDate "2010.11.26"]
[SourceVersion "1"]
[SourceVersionDate "2010.11.26"]
[SourceQuality "1"]
[WhiteTeam "Horst Emscher"]
[BlackTeam "Ahlen"]
[WhiteTeamCountry "GER"]
[BlackTeamCountry "GER"]

1. c4 g6 2. Nc3 Bg7 3. g3 d6 4. Bg2 Nc6 5. e3 e5 6. Nge2 f5 7. 0-0 Nf6 8. Rb1 0-0 9. b4 e4 10. f3 exf3 11. Bxf3 Ne5 12. Bg2 Re8 13. Nf4 Kh8 14. Qe2 c6 15. d4 Neg4 16. h3 Nh6 17. b5 Bd7 18. bxc6 bxc6 19. Rb7 Re7 20. Ba3 Nf7 21. Rfb1 Qe8 22. Re1 Qc8 23. Reb1 Ne8 24. Qf2 Nd8 25. R7b3 Qc7 26. Ncd5 cxd5 27. Nxd5 Qxc4 28. Nxe7 Nc6 1-0

[Event "Ruhrgebiet VL1 0910"]
[Site "Germany"]
[Date "2010.03.21"]
[Round "8.3"]
[White "Ueter, Heinz Dieter"]
[Black "Wittmann, Rainer"]
[Result "1-0"]
[WhiteElo "2187"]
[BlackElo "2233"]
[PlyCount "65"]
[EventDate "2009.09.06"]
[EventType "team-tourn"]
[EventRounds "9"]
[EventCountry "GER"]
[SourceTitle "EXT 2011"]
[Source "ChessBase"]
[SourceDate "2010.11.26"]
[SourceVersion "1"]
[SourceVersionDate "2010.11.26"]
[SourceQuality "1"]
[WhiteTeam "Ahlen"]
[BlackTeam "Dortmund"]
[WhiteTeamCountry "GER"]
[BlackTeamCountry "GER"]

1. e4 c5 2. Nf3 e6 3. d4 cxd4 4. Nxd4 Nf6 5. Nc3 Qb6 6. Nb3 Bb4 7. Bd3 a6 8. 0-0 Qc7 9. Bd2 Be7 10. f4 d6 11. Qf3 Nc6 12. Rac1 0-0 13. Qh3 g6 14. g4 d5 15. e5 Nd7 16. Qh6 Rd8 17. Rf3 Bf8 18. Qh4 Bg7 19. Rh3 Nf8 20. Ne2 Bd7 21. Bc3 b5 22. Ned4 Nxd4 23. Bxd4 a5 24. Nc5 Rdc8 25. Nxd7 Qxd7 26. f5 exf5 27. gxf5 Re8 28. Rf3 gxf5 29. Bxf5 Qd8 30. Qh5 Ng6 31. Rh3 Ra6 32. Qxh7+ Kf8 33. Bc5+ 1-0

[Event "Ruhrgebiet VL1 0910"]
[Site "Germany"]
[Date "2010.02.21"]
[Round "7.3"]
[White "Heisterkamp, Oliver"]
[Black "Ueter, Heinz Dieter"]
[Result "1/2-1/2"]
[WhiteElo "2031"]
[BlackElo "2187"]
[PlyCount "150"]
[EventDate "2009.09.06"]
[EventType "team-tourn"]
[EventRounds "9"]
[EventCountry "GER"]
[SourceTitle "EXT 2011"]
[Source "ChessBase"]
[SourceDate "2010.11.26"]
[SourceVersion "1"]
[SourceVersionDate "2010.11.26"]
[SourceQuality "1"]
[WhiteTeam "Osterfeld"]
[BlackTeam "Ahlen"]
[WhiteTeamCountry "GER"]
[BlackTeamCountry "GER"]

1. Nf3 g6 2. g3 Bg7 3. Bg2 d6 4. 0-0 e5 5. c4 Nc6 6. Nc3 Bg4 7. h3 Be6 8. d3 h6 9. e4 Qd7 10. Kh2 f5 11. Nh4 Nge7 12. exf5 gxf5 13. Nd5 Bxd5 14. cxd5 Nd8 15. Qh5+ Nf7 16. Ng6 Nxg6 17. Qxg6 0-0 18. h4 Nh8 19. Qh5 Rf6 20. Be3 f4 21. gxf4 exf4 22. Bd4 Qf7 23. Bf3 Rf5 24. Qg4 h5 25. Qxg7+ Qxg7 26. Bxg7 Kxg7 27. Rg1+ Kf6 28. Rac1 Rc8 29. Be4 Re5 30. f3 c5 31. d4 Ree8 32. dxc5 Rxc5 33. Rxc5 dxc5 34. Rg5 Re5 35. d6 Rxg5 36. hxg5+ Kxg5 37. Bxb7 Nf7 38. d7 Kf6 39. Bd5 Nd8 40. Kh3 Ke7 41. Kh4 Kxd7 42. Kxh5 Kd6 43. Be4 Ke5 44. Kg4 Nf7 45. Bc2 Nd6 46. b3 a5 47. Bh7 Nb5 48. a4 Nd4 49. Bg8 Nc2 50. Bf7 Ne3+ 51. Kg5 Nf1 52. Bc4 Nd2 53. Kg4 Nxc4 54. bxc4 Kd4 55. Kxf4 Kxc4 56. Ke5 Kb3 57. f4 c4 58. f5 c3 59. f6 c2 60. f7 c1Q 61. f8Q Qc7+ 62. Ke4 Qc4+ 63. Ke3 Kxa4 64. Qf6 Kb3 65. Qb6+ Qb4 66. Qe6+ Kb2 67. Ke2 a4 68. Qe5+ Qc3 69. Qb5+ Qb3 70. Qe5+ Kb1 71. Ke1 Qb4+ 72. Kd1 a3 73. Qf5+ Ka1 74. Qc2 Qb1+ 75. Kd2 Qb2 1/2-1/2

[Event "Ruhrgebiet VL1 0910"]
[Site "Germany"]
[Date "2009.09.06"]
[Round "1.3"]
[White "Ueter, Heinz Dieter"]
[Black "Herud, Martin"]
[Result "0-1"]
[WhiteElo "2187"]
[BlackElo "2023"]
[PlyCount "60"]
[EventDate "2009.09.06"]
[EventType "team-tourn"]
[EventRounds "9"]
[EventCountry "GER"]
[SourceTitle "EXT 2011"]
[Source "ChessBase"]
[SourceDate "2010.11.26"]
[SourceVersion "1"]
[SourceVersionDate "2010.11.26"]
[SourceQuality "1"]
[WhiteTeam "Ahlen"]
[BlackTeam "Laeufer Ost"]
[WhiteTeamCountry "GER"]
[BlackTeamCountry "GER"]

1. e4 c5 2. Nf3 d6 3. d4 cxd4 4. Nxd4 Nf6 5. Nc3 g6 6. Be3 Bg7 7. f3 Nc6 8. Qd2 0-0 9. Bc4 Bd7 10. 0-0-0 Rb8 11. h4 b5 12. Nxc6 Bxc6 13. Bd5 b4 14. Ne2 Bxd5 15. exd5 Qa5 16. Kb1 Rb5 17. Nd4 Rxd5 18. Qe2 Qa4 19. Nb3 a5 20. g4 Qd7 21. g5 Rxd1+ 22. Qxd1 Nh5 23. Nxa5 Qa4 24. Nb3 Ng3 25. Rh3 Nf5 26. f4 Ra8 27. Nc1 e6 28. Bf2 d5 29. h5 b3 30. h6 bxa2+ 0-1

[Event "Ruhrgebiet Regionalliga 0708"]
[Site "Germany"]
[Date "2008.04.13"]
[Round "8.1"]
[White "Viebahn, Dirk"]
[Black "Ueter, Heinz Dieter"]
[Result "1-0"]
[WhiteElo "2177"]
[BlackElo "2243"]
[PlyCount "83"]
[EventDate "2007.09.16"]
[EventType "team-tourn"]
[EventRounds "9"]
[EventCountry "GER"]
[SourceTitle "EXT 2009"]
[Source "ChessBase"]
[SourceDate "2008.11.26"]
[SourceVersion "1"]
[SourceVersionDate "2008.11.26"]
[SourceQuality "1"]
[WhiteTeam "Essen Borbeck"]
[BlackTeam "Ahlen"]
[WhiteTeamCountry "GER"]
[BlackTeamCountry "GER"]

1. Nf3 d6 2. g3 g6 3. Bg2 Bg7 4. 0-0 e5 5. c4 Nc6 6. Nc3 Bg4 7. h3 Be6 8. Qa4 h6 9. b4 Qd7 10. Rb1 Nge7 11. b5 Nd8 12. Ba3 0-0 13. Kh2 f5 14. c5 d5 15. d4 exd4 16. Nxd4 c6 17. e3 g5 18. Nce2 Ng6 19. bxc6 bxc6 20. f4 Qe8 21. Bc1 Bd7 22. Bd2 Rf7 23. Qc2 gxf4 24. exf4 Qf8 25. Ba5 Ne6 26. Nxe6 Bxe6 27. Rfd1 Qe7 28. Be1 Nf8 29. Bf2 Bd7 30. Ng1 Bc8 31. Re1 Qf6 32. Nf3 Rb7 33. Ne5 Rxb1 34. Rxb1 Nd7 35. Nf3 Ba6 36. Bd4 Qf8 37. Bxg7 Kxg7 38. Nh4 Qxc5 39. Qxf5 Qd6 40. Re1 Rf8 41. Qg4+ Kf7 42. Nf5 1-0

[Event "Dortmund op-A"]
[Site "Dortmund"]
[Date "2007.06.29"]
[Round "7"]
[White "Ueter, Heinz Dieter"]
[Black "Savchenko, Viacheslav"]
[Result "0-1"]
[WhiteElo "2243"]
[BlackElo "2406"]
[PlyCount "90"]
[EventDate "2007.06.22"]
[EventType "swiss"]
[EventRounds "9"]
[EventCountry "GER"]
[SourceTitle "EXT 2008"]
[Source "ChessBase"]
[SourceDate "2007.11.25"]
[SourceVersion "1"]
[SourceVersionDate "2007.11.25"]
[SourceQuality "1"]

1. e4 c5 2. Nf3 e6 3. d4 cxd4 4. Nxd4 a6 5. Nc3 Qc7 6. f4 b5 7. Be2 b4 8. Na4 Bb7 9. Bf3 Nf6 10. e5 Nd5 11. 0-0 Bc5 12. Nxc5 Qxc5 13. Kh1 g6 14. a3 a5 15. axb4 axb4 16. Rxa8 Bxa8 17. Qd3 0-0 18. f5 Rc8 19. Be4 Qe7 20. f6 Qd8 21. Nb5 Nc6 22. Nd6 Nxe5 23. Qg3 Nc4 24. Nxc8 Qxc8 25. Bh6 Nde3 26. Bxe3 Bxe4 27. Qf4 Nxe3 28. Qxe3 Qxc2 29. Qg3 d6 30. h3 h6 31. Rf2 Qc5 32. Qf4 Kh7 33. Re2 d5 34. Kh2 b3 35. Qe5 Qb6 36. h4 Bf5 37. Rd2 Bc2 38. Rd4 Be4 39. h5 Bf5 40. Ra4 gxh5 41. Qg3 Bg6 42. Ra8 Qb4 43. Ra7 Qg4 44. Qxb3 Qh4+ 45. Kg1 Qd4+ 0-1

[Event "Dortmund op-A"]
[Site "Dortmund"]
[Date "2007.06.26"]
[Round "4"]
[White "Ueter, Heinz Dieter"]
[Black "Zeldin, Leonid"]
[Result "1-0"]
[WhiteElo "2243"]
[BlackElo "1905"]
[PlyCount "51"]
[EventDate "2007.06.22"]
[EventType "swiss"]
[EventRounds "9"]
[EventCountry "GER"]
[SourceTitle "EXT 2008"]
[Source "ChessBase"]
[SourceDate "2007.11.25"]
[SourceVersion "1"]
[SourceVersionDate "2007.11.25"]
[SourceQuality "1"]

1. e4 Nf6 2. e5 Nd5 3. d4 d6 4. Nf3 g6 5. Bc4 e6 6. 0-0 Bg7 7. Bxd5 exd5 8. Bg5 f6 9. exf6 Bxf6 10. Re1+ Kf7 11. Qd2 Bf5 12. Nc3 c6 13. Re2 Nd7 14. Rae1 h6 15. Bxh6 Nf8 16. Bg5 Ne6 17. Bxf6 Qxf6 18. Rxe6 Bxe6 19. Ng5+ Kg7 20. Rxe6 Qf5 21. Qe3 Rhf8 22. Ne2 Kg8 23. g3 Qxc2 24. Nf4 Rxf4 25. Qxf4 Rf8 26. Re8 1-0

[Event "Dortmund op-A"]
[Site "Dortmund"]
[Date "2007.06.22"]
[Round "1"]
[White "Aulich, Marcell"]
[Black "Ueter, Heinz Dieter"]
[Result "0-1"]
[WhiteElo "1963"]
[BlackElo "2243"]
[PlyCount "72"]
[EventDate "2007.06.22"]
[EventType "swiss"]
[EventRounds "9"]
[EventCountry "GER"]
[SourceTitle "EXT 2008"]
[Source "ChessBase"]
[SourceDate "2007.11.25"]
[SourceVersion "1"]
[SourceVersionDate "2007.11.25"]
[SourceQuality "1"]

1. e4 c5 2. Nf3 d6 3. d4 cxd4 4. Nxd4 Nf6 5. Nc3 Nc6 6. Bg5 e6 7. Qd2 a6 8. f4 h6 9. Bxf6 Qxf6 10. Nb3 g5 11. fxg5 hxg5 12. 0-0-0 Qe5 13. g3 b5 14. Bd3 Bb7 15. Rhf1 Bg7 16. Qf2 0-0 17. h4 Nb4 18. Kb1 Rac8 19. Qd2 gxh4 20. gxh4 Kh7 21. h5 Bh6 22. Qg2 Bg5 23. Nd4 Kh6 24. Nf3 Qg7 25. Nh2 Nxd3 26. Rxd3 b4 27. Ne2 f5 28. Ng3 Bf6 29. Rxf5 Kh7 30. h6 Qh8 31. Rxd6 Rfd8 32. Rxf6 Qxf6 33. Ng4 Qg5 34. Nh5 Rxd6 35. Ngf6+ Kg6 36. Qf1 Rcd8 0-1